UBT Library

Client-centred practice in occupational therapy : (Record no. 41744)

000 -LEADER
fixed length control field 00881pam a2200253 a 4500
001 - CONTROL NUMBER
control field 2144287
005 - DATE AND TIME OF LATEST TRANSACTION
control field 20180205065558.0
008 - FIXED-LENGTH DATA ELEMENTS--GENERAL INFORMATION
fixed length control field 981109s1999 stka b 001 0 eng
010 ## - LIBRARY OF CONGRESS CONTROL NUMBER
LC control number 98043689
020 ## - INTERNATIONAL STANDARD BOOK NUMBER
International Standard Book Number 0443061270
035 ## - SYSTEM CONTROL NUMBER
System control number (DLC) 98043689
040 ## - CATALOGING SOURCE
Original cataloging agency DLC
Transcribing agency DLC
Modifying agency DLC
041 ## - LANGUAGE CODE
Language code of text/sound track or separate title eng
080 ## - UNIVERSAL DECIMAL CLASSIFICATION NUMBER
Universal Decimal Classification number 615.8515 SUM
082 00 - DEWEY DECIMAL CLASSIFICATION NUMBER
Classification number 615.8515 SUM
Edition number 21
100 ## - Rafti
Rafti 9
101 ## - Shkurtesa
Shkurtesa MJE
245 00 - TITLE STATEMENT
Title Client-centred practice in occupational therapy :
Statement of responsibility, etc edited by Thelma Sumsion ; forewords by Christine Craik, John Glossop.
504 ## - BIBLIOGRAPHY, ETC. NOTE
Bibliography, etc Includes bibliographical references and index.
906 ## - LOCAL DATA ELEMENT F, LDF (RLIN)
a 7
b cbc
c orignew
d 1
e ocip
f 19
g y-gencatlg
942 ## - ADDED ENTRY ELEMENTS (KOHA)
Source of classification or shelving scheme
Item type Books
Holdings
Withdrawn status Lost status Source of classification or shelving scheme Damaged status Not for loan Collection code Permanent location Current location Shelving location Date acquired Total Checkouts Full call number Barcode Date last seen Price effective from Koha item type
          Koleksioni i përgjithshem UBT - Lipjan UBT - Lipjan Koleksioni i përgjithshem 02/05/2018   615.8515 SUM 002-2997111 02/05/2018 02/05/2018 Books
UBT Library © 2015-2024. All rights reserved University Education for Business and Technology